LIBRARY & INFORMATION CENTRE, KCAET, TAVANUR

ONLINE PUBLIC ACCESS CATALOGUE (OPAC)

Neutron theory / (Record no. 7453)

MARC details
000 -LEADER
fixed length control field 00532cam a2200205ua 4500
041 ## - LANGUAGE CODE
Language code of text/sound track or separate title eng
082 ## - DEWEY DECIMAL CLASSIFICATION NUMBER
Classification number 539.7212
Item number HUG/NE
100 ## - MAIN ENTRY--AUTHOR NAME
Personal name Hughes, Donald J .
245 ## - TITLE STATEMENT
Title Neutron theory /
250 ## - EDITION STATEMENT
Edition statement 1 /
260 ## - PUBLICATION, DISTRIBUTION, ETC. (IMPRINT)
Place of publication New York :
Name of publisher Double day and company ,
Year of publication 1965.
300 ## - PHYSICAL DESCRIPTION
Number of Pages 158 ; .
490 0# - SERIES STATEMENT
Series statement The science study series,
Volume number/sequential designation
942 ## - ADDED ENTRY ELEMENTS (KOHA)
Koha item type Books
Holdings
Withdrawn status Lost status Damaged status Home library Current library Date acquired Full call number Accession Number Koha item type
      KAUAET KAUAET 07/04/2012 539.7212 HUG/NE 9942 Books
free website counter